| 000 | 01447cam a22003977i 4500 | ||
|---|---|---|---|
| 001 | data | ||
| 005 | 20260322212109.0 | ||
| 008 | data | ||
| 035 | _a19046946 | ||
| 906 |
_a7 _bcbc _ccopycat _d2 _encip _f20 _gy-gencatlg |
||
| 925 | 0 |
_aacquire _b1 shelf copy _xpolicy default |
|
| 010 | _a 2016301589 | ||
| 020 | _a9780718039721 | ||
| 020 | _a0718039726 | ||
| 035 | _a(OCoLC)907184875 | ||
| 040 |
_aBTCTA _beng _cBTCTA _dDLC _erda _dOCLCO _dEXN _dDLC |
||
| 042 | _alccopycat | ||
| 050 | 0 | 0 |
_aBS197 _b.T463 2015 |
| 082 | 0 | 4 |
_a220.5/208 _223 |
| 130 | 0 |
_aBible. _lEnglish. _sInternational Children's Bible. _f2015. |
|
| 245 | 1 | 0 |
_aHoly Bible : _bICB, International Children's Bible. |
| 246 | 3 | 0 | _aInternational Children's Bible |
| 264 | 1 |
_aNashville, TN : _bThomas Nelson, _c[2015] |
|
| 300 |
_axiii, 1291 pages : _bcolor illustrations, color maps ; _c22 cm |
||
| 336 |
_atext _btxt _2rdacontent |
||
| 337 |
_aunmediated _bn _2rdamedia |
||
| 338 |
_avolume _bnc _2rdacarrier |
||
| 500 | _aCover title. | ||
| 520 | _aA translation of the Holy Scriptures, prepared specifically for children. Includes maps, a dictionary, and an index. | ||
| 630 | 0 | 0 | _aBible. |
| 630 | 0 | 7 |
_aBible. _2fast _0(OCoLC)fst01356024 |
| 710 | 2 | _aThomas Nelson Publishers. | |
| 856 | 4 | 2 |
_3Publisher description _uhttps://www.loc.gov/catdir/enhancements/fy1614/2016301589-d.html |
| 923 | _akatho copy FY16 | ||
| 999 |
_c1619 _d1619 |
||